The interpretation of engineering practice innovation project (EPIP) / (Record no. 32217)
[ view plain ]
| 000 -LEADER | |
|---|---|
| fixed length control field | 00947nam a2200241 4500 |
| 008 - FIXED-LENGTH DATA ELEMENTS--GENERAL INFORMATION | |
| fixed length control field | 250403b |||||||| |||| 00| 0 eng d |
| 020 ## - INTERNATIONAL STANDARD BOOK NUMBER | |
| International Standard Book Number | 9787113315979 |
| 040 ## - CATALOGING SOURCE | |
| Original cataloging agency | MksU |
| 050 ## - LIBRARY OF CONGRESS CALL NUMBER | |
| Classification number | LC 1042.5 |
| Item number | .J56 2024 |
| 100 ## - MAIN ENTRY--PERSONAL NAME | |
| Personal name | Jingquan Lv |
| Relator term | Author |
| 245 ## - TITLE STATEMENT | |
| Title | The interpretation of engineering practice innovation project (EPIP) / |
| Statement of responsibility, etc. | Liu Jingquan ; edited by He Hongtao, Wei Zhigang, Lü Lianghui. |
| 260 ## - PUBLICATION, DISTRIBUTION, ETC. (IMPRINT) | |
| Place of publication, distribution, etc. | Beijing : |
| Name of publisher, distributor, etc. | China Machine Press, |
| Date of publication, distribution, etc. | 2024 |
| 300 ## - PHYSICAL DESCRIPTION | |
| Extent | 286p. ; |
| Dimensions | 24cm. |
| 440 ## - SERIES STATEMENT/ADDED ENTRY--TITLE | |
| Title | Theoretical Research and Practical Application of the National Teaching Achievement Grand Award |
| 504 ## - BIBLIOGRAPHY, ETC. NOTE | |
| Bibliography, etc | Includes bibliographical references and index. |
| 650 ## - SUBJECT ADDED ENTRY--TOPICAL TERM | |
| Topical term or geographic name as entry element | Engineering Education |
| 650 ## - SUBJECT ADDED ENTRY--TOPICAL TERM | |
| Topical term or geographic name as entry element | Innovation in Engineering Practice. |
| 700 ## - ADDED ENTRY--PERSONAL NAME | |
| Personal name | Zhai Fengjie |
| Relator term | Chief Translator |
| 700 ## - ADDED ENTRY--PERSONAL NAME | |
| Personal name | He, Hongtao |
| Relator term | editor |
| 700 ## - ADDED ENTRY--PERSONAL NAME | |
| Personal name | Wei, Zhigang, |
| Relator term | editor |
| 366 ## - TRADE AVAILABILITY INFORMATION | |
| Publishers' compressed title identification | Text |
| 942 ## - ADDED ENTRY ELEMENTS (KOHA) | |
| Source of classification or shelving scheme | |
| Koha item type | Hard Covered Materials |
| Classification part | LC 1042.5 .J56 2024 |
| Withdrawn status | Lost status | Source of classification or shelving scheme | Damaged status | Not for loan | Home library | Current library | Shelving location | Date acquired | Source of acquisition | Cost, normal purchase price | Total Checkouts | Full call number | Barcode | Date last seen | Price effective from | Koha item type |
|---|---|---|---|---|---|---|---|---|---|---|---|---|---|---|---|---|
| MACHAKOS UNIVERSITY LIBRARY | MACHAKOS UNIVERSITY LIBRARY | Open shelf | 03/04/2025 | Donation- Luban | 1677.00 | LC 1042.5 .J56 2024 | 40123 | 03/04/2025 | 03/04/2025 | Hard Covered Materials |